Statistiken für Größte Städte von Rheinland-Pfalz - Extrem

Klicken Sie hier um das Quiz zu spielen!

Allgemein

  • Dieses Quiz wurde 24 mal gespielt
  • Das Durchschnittsergebnis liegt bei 16 aus 22

Antwortstatistiken

EinwohnerStadt% Korrekt
101.228Kaiserslautern
100%
115.268Koblenz
100%
174.265Ludwigshafen
100%
220.552Mainz
100%
112.195Trier
100%
84.646Worms
100%
51.368Speyer
90%
26.309Bingen
86%
40.682Pirmasens
86%
53.981Neustadt
81%
52.529Bad Kreuznach
76%
36.002Ingelheim
76%
65.986Neuwied
76%
34.534Zweibrücken
71%
49.051Frankenthal
67%
47.610Landau
67%
30.277Andernach
62%
26.669Bad Neuenahr-Ahrweiler
57%
28.851Idar-Oberstein
57%
21.099Germersheim
48%
20.615Schifferstadt
29%
20.387Haßloch
14%

Verteilung der Resultate

Perzentil nach korrekt beantworteten Fragen

Anzahl Personen mit jedem Resultat

Ihre Resultats-Entwicklung

Sie haben dieses Quiz noch nicht gespielt